000 00429nam a2200181Ia 4500
001 823
005 20260306140546.0
008 260306t2016||||xx |||||||||||||| ||spa||
041 _aESP
082 _a170
_bK21
100 _aKant, Immanuel
_eAUT
245 0 _aLecciones de filosofía moral:
_bMrongovius II
260 _c2016
300 _a155 páginas :
_c21 cm.
650 _aGEN
654 _aCHU
942 _cLIB
_dJUS
_fJUS
_2ddc
_n
999 _c823
_d823